000 00387nam a22001577a 4500
003 OSt
005 20240415111751.0
008 181212b xxu||||| |||| 00| 0 eng d
020 _a 9789356963290
040 _cIIMT UNIVERSITY
100 _aVASUDEVAN,DM
245 _aT.B.OF BIOCHEMISTRY FOR MEDICAL STUDENTS
260 _aDELHI
_bJAYPEE
_c2018
300 _a718
942 _2ddc
_c01
_e8TH
999 _c44602
_d44602